[Event "Junior Online 4NCL Division 4"]
[Site "online"]
[Date "2020.09.17"]
[Round "3.48"]
[White "Adhikari, Aanya"]
[Black "Swarup, Maanas"]
[Result "1-0"]
[WhiteElo "1015"]
[BlackElo "1097"]
[PlyCount "170"]
[EventDate "2020.09.17"]
[WhiteTeam "Maidenhead Juniors 1"]
[BlackTeam "The Hall 2"]

1. e4 e5 2. Nf3 Nc6 3. d4 exd4 4. Nxd4 Nxd4 5. Qxd4 d6 6. Nc3 Nf6 7. Bg5 h6 8.
Be3 Be7 9. Bc4 c5 10. Qd2 O-O 11. O-O Nh5 12. Be2 Nf6 13. h3 Nd7 14. Bd3 Ne5
15. Qe2 Nxd3 16. Qxd3 Bg5 17. Rad1 Bxe3 18. Qxe3 Qf6 19. Rd3 c4 20. Rd4 Qg6 21.
Rxc4 Be6 22. Rd4 Rad8 23. Rfd1 Bc8 24. e5 Rde8 25. Rxd6 Qxc2 26. R6d2 Qg6 27.
Rc1 f6 28. Qf3 fxe5 29. Qe3 Bf5 30. Qg3 Qxg3 31. fxg3 g5 32. Ne2 h5 33. Rc7 g4
34. h4 Rf7 35. Rxf7 Kxf7 36. Nc3 Kg6 37. Rd6+ Kf7 38. Nd5 Be6 39. Ne3 Rc8 40.
Rd2 Rc1+ 41. Kh2 b5 42. b3 a5 43. Rd8 a4 44. bxa4 bxa4 45. Ra8 Rc3 46. Nd1 Ra3
47. Nb2 Rxa2 48. Nxa4 Bb3 49. Ra7+ Ke6 50. Ra6+ Kf5 51. Nc5 Rxa6 52. Nxa6 e4
53. Kg1 e3 54. Kf1 Ke4 55. Ke1 Bc4 56. Nb4 e2 57. Nc2 Kd3 58. Nb4+ Ke3 59. Nc6
Bd5 60. Ne7 Bxg2 61. Ng8 Kf3 62. Nf6 Kxg3 63. Kxe2 Kxh4 64. Kf2 Ba8 65. Nd7 Kg5
66. Ne5 Be4 67. Nf7+ Kh4 68. Nd6 Bg6 69. Nc4 g3+ 70. Kg2 Be4+ 71. Kg1 Kh3 72.
Nd2 Ba8 73. Nf1 h4 74. Nxg3 hxg3 75. Kf1 g2+ 76. Kg1 Kh4 77. Kh2 Kg4 78. Kg1
Kf3 79. Kh2 Kf2 80. Kh3 g1=Q 81. Kh4 Kf3 82. Kh5 Kf4 83. Kh6 Kf5 84. Kh7 Kf6
85. Kh8 Qg7# 1-0

[Event "Junior Online 4NCL Division 4"]
[Site "online"]
[Date "2020.09.17"]
[Round "3.51"]
[White "Smolders, Nobuki"]
[Black "Catabay, Mae Katelyn Rose"]
[Result "1-0"]
[WhiteElo "1300"]
[BlackElo "1600"]
[PlyCount "137"]
[EventDate "2020.09.17"]
[WhiteTeam "JHJ 6"]
[BlackTeam "Colchester Juniors A"]

1. e4 c5 2. Nf3 Nc6 3. Nc3 e6 4. Bb5 Nf6 5. d3 Be7 6. Be3 a6 7. Bxc6 bxc6 8. h3
d5 9. exd5 cxd5 10. Bd2 Bd7 11. O-O O-O 12. Re1 Bd6 13. Bg5 Bc6 14. Ne2 Kh8 15.
d4 c4 16. c3 Be7 17. Ne5 Bb7 18. Ng3 Ne4 19. Bxe7 Qxe7 20. Nxe4 dxe4 21. Nxc4
f5 22. Ne5 Qg5 23. Re3 f4 24. Re1 f3 25. g3 Qf5 26. Kh2 Rf6 27. Ng4 Rg6 28. Qd2
Rf8 29. Qf4 Qxf4 30. gxf4 Rxf4 31. Re3 Rf5 32. Rg1 Rh5 33. Ne5 Rxg1 34. Kxg1
Rxh3 35. c4 Kg8 36. c5 Bd5 37. c6 Rh5 38. c7 Bb7 39. Rc3 Bc8 40. Nc6 Rg5+ 41.
Kf1 Kf7 42. Na7 Rh5 43. Ke1 Rh1+ 44. Kd2 Rf1 45. Ke3 Re1+ 46. Kf4 Bd7 47. c8=Q
Bxc8 48. Nxc8 Kf6 49. Nd6 g5+ 50. Kg3 Rg1+ 51. Kh2 Rg2+ 52. Kh1 Rg4 53. Re3
Rh4+ 54. Kg1 Rg4+ 55. Kh2 Rh4+ 56. Kg3 Rh1 57. Nxe4+ Kf5 58. Kxf3 g4+ 59. Ke2
Kf4 60. a3 h5 61. Ng3 Rb1 62. Nxh5+ Kg5 63. Re5+ Kh4 64. Kd3 Rxb2 65. Ke3 Rb3+
66. Kf4 Rf3+ 67. Ke4 Rxf2 68. Nf4 g3 69. Rxe6 1-0

[Event "Junior Online 4NCL Division 4"]
[Site "online"]
[Date "2020.09.17"]
[Round "3.52"]
[White "Popovici, Rees"]
[Black "Pipalia, Rishi"]
[Result "0-1"]
[WhiteElo "1595"]
[BlackElo "1202"]
[PlyCount "44"]
[EventDate "2020.09.17"]
[WhiteTeam "Colchester Juniors A"]
[BlackTeam "JHJ 6"]

1. e4 e5 2. Nf3 Nf6 3. d4 exd4 4. e5 Ng8 5. Nxd4 d6 6. exd6 Bxd6 7. Bc4 Nf6 8.
Bg5 O-O 9. Qf3 Bg4 10. Bxf6 Bxf3 11. Bxd8 Bxg2 12. Rg1 Re8+ 13. Ne2 Bf3 14. Bg5
Bxh2 15. Rg3 Bxg3 16. fxg3 h6 17. Bf4 c5 18. Nbc3 Nc6 19. O-O-O Rad8 20. Rf1
Bxe2 21. Nxe2 Na5 22. Bd3 c4 0-1

[Event "Junior Online 4NCL Division 4"]
[Site "online"]
[Date "2020.09.17"]
[Round "3.53"]
[White "Cancedda-Dupuis, Livio"]
[Black "Kanellopoulos, Nickolas"]
[Result "0-1"]
[WhiteElo "1180"]
[BlackElo "1532"]
[PlyCount "176"]
[EventDate "2020.09.17"]
[WhiteTeam "JHJ 6"]
[BlackTeam "Colchester Juniors A"]

1. e4 e5 2. Nf3 Nc6 3. Bc4 Bc5 4. c3 Nf6 5. d4 exd4 6. cxd4 Bb4+ 7. Bd2 Bxd2+
8. Nbxd2 d5 9. exd5 Nxd5 10. O-O O-O 11. Qb3 Na5 12. Qb5 Nxc4 13. Qxc4 Be6 14.
Qc2 Nb4 15. Qa4 Nc6 16. Ne4 Bd7 17. Nc5 Ne5 18. Nxd7 Qxd7 19. Qxd7 Nxd7 20.
Rac1 c6 21. Rfe1 Rfe8 22. Kf1 Kf8 23. Ne5 Nxe5 24. dxe5 Rad8 25. Rc2 Rd5 26.
Rce2 Rdd8 27. f4 Re6 28. f5 Re7 29. f6 gxf6 30. exf6 Rxe2 31. Rxe2 Rd6 32. Rf2
Ke8 33. g4 Kd7 34. h4 Rd4 35. Rg2 Rf4+ 36. Ke2 Rxf6 37. g5 Re6+ 38. Kf3 f6 39.
g6 hxg6 40. Rxg6 f5 41. Rg5 Rh6 42. h5 Ke6 43. Kf4 Rf6 44. Rg6 Rxg6 45. hxg6
Kf6 46. g7 Kxg7 47. Kxf5 Kf7 48. Ke5 Ke7 49. b4 b5 50. Ke4 Ke6 51. Kd4 Kd6 52.
a3 a6 53. Kc3 Ke5 54. Kd3 Kd5 55. Kc3 Ke4 56. Kb3 Kd3 57. Kb2 Kd2 58. Kb3 Kc1
59. a4 Kd2 60. axb5 axb5 61. Kb2 Kd3 62. Kb3 Kd4 63. Kb2 Kc4 64. Ka3 Kc3 65.
Ka2 Kxb4 66. Kb2 c5 67. Kc2 Ka3 68. Kb1 Kb3 69. Kc1 Ka2 70. Kc2 b4 71. Kd3 b3
72. Kc4 b2 73. Kxc5 b1=Q 74. Kd4 Qc2 75. Ke3 Qd1 76. Kf2 Qd8 77. Ke3 Kb3 78.
Ke4 Kc3 79. Ke5 Kc4 80. Ke6 Kc5 81. Ke5 Qe7+ 82. Kf4 Kd5 83. Kf3 Kd4 84. Kf4
Qf6+ 85. Kg4 Ke3 86. Kg3 Qg5+ 87. Kh3 Kf2 88. Kh2 Qg2# 0-1

[Event "Junior Online 4NCL Division 4"]
[Site "online"]
[Date "2020.09.17"]
[Round "3.54"]
[White "Catabay, Rezin C"]
[Black "Pipalia, Ayush"]
[Result "1-0"]
[WhiteElo "1427"]
[BlackElo "1127"]
[PlyCount "59"]
[EventDate "2020.09.17"]
[WhiteTeam "Colchester Juniors A"]
[BlackTeam "JHJ 6"]

1. e4 e5 2. Nf3 Nc6 3. Bc4 h6 4. d4 exd4 5. Nxd4 Nxd4 6. Qxd4 d6 7. Nc3 Bd7 8.
O-O Be7 9. Qxg7 Bb5 10. Nxb5 a6 11. Qxh8 axb5 12. Qxg8+ Kd7 13. Qxd8+ Rxd8 14.
Bxf7 Kc8 15. Bxh6 Bf6 16. Rae1 Be5 17. f4 Bf6 18. e5 dxe5 19. fxe5 Bg5 20. Bxg5
Rf8 21. e6 Rd8 22. Bxd8 Kxd8 23. e7+ Kd7 24. e8=Q+ Kd6 25. b4 c5 26. Qe6+ Kc7
27. Qe7+ Kb6 28. Re6+ Ka7 29. Qxc5+ Kb8 30. Re8# 1-0

[Event "Junior Online 4NCL Division 4"]
[Site "online"]
[Date "2020.09.17"]
[Round "3.55"]
[White "Catabay, Mae Katelyn Rose"]
[Black "Smolders, Nobuki"]
[Result "1-0"]
[WhiteElo "1600"]
[BlackElo "1300"]
[PlyCount "81"]
[EventDate "2020.09.17"]
[WhiteTeam "Colchester Juniors A"]
[BlackTeam "JHJ 6"]

1. d4 d5 2. Nf3 Nf6 3. c4 c6 4. Nc3 Bf5 5. e3 e6 6. Bd3 Bg6 7. O-O Bh5 8. Re1
Bb4 9. a3 Bd6 10. c5 Bc7 11. b4 Nbd7 12. a4 e5 13. Be2 Bxf3 14. Bxf3 e4 15. Be2
Nf8 16. b5 Ng6 17. Qb3 Rc8 18. bxc6 bxc6 19. Qb7 a5 20. Qxc6+ Qd7 21. Qxd7+
Kxd7 22. Bb5+ Ke7 23. Ba3 Ng4 24. Nxd5+ Ke6 25. Nxc7+ Rxc7 26. Bc4+ Ke7 27. c6+
Kd8 28. Bb5 Nh4 29. d5 Ne5 30. d6 Rc8 31. c7+ Rxc7 32. dxc7+ Kxc7 33. Rac1+ Kb6
34. Red1 Kb7 35. Bc6+ Kb6 36. Bxe4 Re8 37. Bc5+ Ka6 38. Rd6+ Nc6 39. Rxc6+ Kb7
40. Rb1+ Ka8 41. Ra6# 1-0

[Event "Junior Online 4NCL Division 4"]
[Site "online"]
[Date "2020.09.17"]
[Round "3.56"]
[White "Pipalia, Rishi"]
[Black "Popovici, Rees"]
[Result "0-1"]
[WhiteElo "1202"]
[BlackElo "1595"]
[PlyCount "48"]
[EventDate "2020.09.17"]
[WhiteTeam "JHJ 6"]
[BlackTeam "Colchester Juniors A"]

1. e4 e5 2. Nf3 Nc6 3. Bc4 Bc5 4. c3 Nf6 5. d4 exd4 6. cxd4 Bb6 7. Nc3 O-O 8.
Bf4 Re8 9. Nd2 d5 10. Bb3 dxe4 11. O-O Nxd4 12. Bg5 h6 13. Bxf6 Qxf6 14. Ndxe4
Qg6 15. Ng3 Nxb3 16. axb3 Be6 17. b4 Rad8 18. Qf3 c6 19. b5 cxb5 20. Nxb5 Rd3
21. Qxb7 Bd5 22. Qa6 Rxg3 23. hxg3 Qxg3 24. Kh1 Qxg2# 0-1

[Event "Junior Online 4NCL Division 4"]
[Site "online"]
[Date "2020.09.17"]
[Round "3.57"]
[White "Kanellopoulos, Nickolas"]
[Black "Cancedda-Dupuis, Livio"]
[Result "1-0"]
[WhiteElo "1532"]
[BlackElo "1180"]
[PlyCount "111"]
[EventDate "2020.09.17"]
[WhiteTeam "Colchester Juniors A"]
[BlackTeam "JHJ 6"]

1. e4 e5 2. Nf3 Nc6 3. Bc4 Bc5 4. O-O d6 5. h3 Nf6 6. d3 O-O 7. Bg5 h6 8. Bh4
Be6 9. Nc3 Qe7 10. Nd5 Bxd5 11. Bxd5 Na5 12. a3 c6 13. Ba2 Bd4 14. c3 Bb6 15.
b4 c5 16. bxa5 Bxa5 17. Qd2 Bd8 18. Bd5 Qd7 19. Bc4 Qe7 20. Qb2 Qd7 21. Rab1 b6
22. Qb5 Qb7 23. Bxf6 Bxf6 24. Bd5 Qe7 25. Bxa8 Rxa8 26. c4 Qc7 27. Nd2 Bg5 28.
Nf3 Be7 29. Ra1 a6 30. Qb2 Rb8 31. Rab1 Kf8 32. a4 a5 33. Qb5 Kg8 34. Rb2 Bd8
35. Nd2 Kf8 36. f4 exf4 37. Rxf4 Bf6 38. Rb1 Bg5 39. Rf2 Be3 40. Nf3 Bxf2+ 41.
Kxf2 Qe7 42. Qxa5 Qc7 43. Qb5 Ke7 44. a5 Qb7 45. axb6 Qd7 46. Qa6 Rb7 47. Qb5
Qc8 48. Nh4 g6 49. Nf3 Kf8 50. e5 dxe5 51. Re1 f6 52. g4 Ke7 53. h4 Qxg4 54.
Qxc5+ Kd8 55. Qd6+ Rd7 56. Qf8# 1-0

[Event "Junior Online 4NCL Division 4"]
[Site "online"]
[Date "2020.09.17"]
[Round "3.58"]
[White "Pipalia, Ayush"]
[Black "Catabay, Rezin C"]
[Result "0-1"]
[WhiteElo "1127"]
[BlackElo "1427"]
[PlyCount "108"]
[EventDate "2020.09.17"]
[WhiteTeam "JHJ 6"]
[BlackTeam "Colchester Juniors A"]

1. d4 Nf6 2. Bf4 d5 3. Nc3 a6 4. e3 Nc6 5. Bd3 e6 6. Nf3 Bd6 7. Bg3 O-O 8. Bh4
e5 9. dxe5 Nxe5 10. Ng5 h6 11. Nh7 g5 12. Nxf6+ Qxf6 13. Bg3 c6 14. O-O h5 15.
Qxh5 Nxd3 16. Bxd6 Qxd6 17. Qxg5+ Qg6 18. Qxg6+ fxg6 19. cxd3 Bf5 20. e4 dxe4
21. dxe4 Be6 22. Rfd1 Rad8 23. h3 b5 24. Ne2 Bc4 25. Ng3 Rd3 26. Rxd3 Bxd3 27.
Rd1 Bc4 28. Rd6 Rc8 29. Rxg6+ Kf7 30. Rg4 Bxa2 31. Rf4+ Ke6 32. Rh4 Ke5 33.
Rh5+ Kd4 34. h4 c5 35. Rh7 c4 36. Ne2+ Kd3 37. Nc3 Bb3 38. Ra7 Kc2 39. Rxa6
Kxb2 40. Nxb5 c3 41. Nxc3 Kxc3 42. h5 Bc4 43. Rh6 Kd4 44. f3 Rb8 45. Rh7 Rb1+
46. Kh2 Ke3 47. h6 Bf1 48. Rg7 Rb8 49. h7 Rh8 50. e5 Bc4 51. Kh3 Bd3 52. e6
Bxh7 53. e7 Kf4 54. Rf7+ Bf5# 0-1

[Event "Junior Online 4NCL Division 4"]
[Site "online"]
[Date "2020.09.17"]
[Round "3.61"]
[White "Chen, George"]
[Black "Smith, Ryan S"]
[Result "0-1"]
[WhiteElo "1157"]
[BlackElo "1765"]
[PlyCount "74"]
[EventDate "2020.09.17"]
[WhiteTeam "JHJ 7"]
[BlackTeam "KEGS Chelmsford"]

1. e4 e5 2. Nf3 Nc6 3. Bc4 Nf6 4. Nc3 Nxe4 5. Nxe4 d5 6. Bxd5 Qxd5 7. Nc3 Qa5
8. d3 Bd6 9. Bd2 Qb6 10. b3 O-O 11. O-O Bg4 12. Na4 Qa6 13. Be3 Nd4 14. Bxd4
exd4 15. h3 Bh5 16. c4 dxc3 17. Nxc3 Qc6 18. Ne4 Bf4 19. Re1 f5 20. Ned2 Bxd2
21. Qxd2 Bxf3 22. Rac1 Qd5 23. gxf3 Qxf3 24. Rxc7 Rf6 25. Qc1 Rg6+ 26. Kf1
Qxd3+ 27. Re2 Qxh3+ 28. Ke1 Rg1+ 29. Kd2 Qh6+ 30. Kd3 Rxc1 31. Rxc1 Qxc1 32.
Kd4 Rd8+ 33. Ke5 Re8+ 34. Kxf5 Rxe2 35. Kg4 Rxf2 36. Kg3 Qg1+ 37. Kh3 Rh2# 0-1

[Event "Junior Online 4NCL Division 4"]
[Site "online"]
[Date "2020.09.17"]
[Round "3.62"]
[White "Caves, Fraser"]
[Black "Wang, Luoke"]
[Result "0-1"]
[WhiteElo "1427"]
[BlackElo "1075"]
[PlyCount "64"]
[EventDate "2020.09.17"]
[WhiteTeam "KEGS Chelmsford"]
[BlackTeam "JHJ 7"]

1. e4 c5 2. Nf3 Nc6 3. Nc3 d6 4. Bc4 g6 5. d3 Bg7 6. Bd2 Nf6 7. Ng5 e6 8. Be3
h6 9. Nf3 d5 10. exd5 exd5 11. Bb5 d4 12. Bxc6+ bxc6 13. Qe2 O-O 14. Bxh6 Bxh6
15. Ne4 Nxe4 16. dxe4 Re8 17. O-O Qe7 18. Qc4 a5 19. Rfe1 Ba6 20. Qb3 Rab8 21.
Qa4 Rxb2 22. Qxc6 Bb5 23. Qd5 Rd8 24. Qe5 Qxe5 25. Nxe5 Bd2 26. Red1 Bc3 27.
Rac1 Re8 28. Nf3 Rxe4 29. h3 Be2 30. Ng5 Re8 31. a4 Bxd1 32. Rxd1 Re1+ 0-1

[Event "Junior Online 4NCL Division 4"]
[Site "online"]
[Date "2020.09.17"]
[Round "3.63"]
[White "Bryant, Amelie"]
[Black "Poon, Evan"]
[Result "1-0"]
[WhiteElo "970"]
[BlackElo "1112"]
[PlyCount "107"]
[EventDate "2020.09.17"]
[WhiteTeam "JHJ 7"]
[BlackTeam "KEGS Chelmsford"]

1. e4 e5 2. Nf3 Nc6 3. d4 exd4 4. Nxd4 Nxd4 5. Qxd4 Qf6 6. Qe3 b6 7. e5 Qe6 8.
Nc3 f6 9. Nb5 Qc6 10. exf6+ Kd8 11. fxg7 Bxg7 12. Qg5+ Bf6 13. Qf4 Ba6 14. Nxc7
Qxc7 15. Qxc7+ Kxc7 16. Bxa6 Re8+ 17. Kd1 Nh6 18. Bxh6 Bxb2 19. Rb1 Bd4 20.
Bf4+ d6 21. f3 Rhf8 22. Bg3 Re7 23. Rb4 Bc5 24. Rc4 Kc6 25. a4 Rfe8 26. Bb5+
Kd5 27. Bxe8 Kxc4 28. Bb5+ Kc3 29. Be1+ Kd4 30. Bf2+ Kd5 31. Bxc5 Kxc5 32. Kd2
Kb4 33. c3+ Ka5 34. Rc1 a6 35. Bc6 b5 36. axb5 axb5 37. Rb1 Re5 38. f4 Rc5 39.
Ra1+ Kb6 40. Be4 h5 41. f5 Re5 42. Bc2 Rd5+ 43. Ke3 Re5+ 44. Kd4 Kc7 45. Rf1
Kd8 46. f6 Ke8 47. f7+ Kf8 48. Bb3 Rg5 49. Ke4 Rxg2 50. h4 Rg4+ 51. Kd5 Rxh4
52. Kxd6 Rh3 53. Rg1 Rxc3 54. Rg8# 1-0

[Event "Junior Online 4NCL Division 4"]
[Site "online"]
[Date "2020.09.17"]
[Round "3.64"]
[White "Thompson, Thomas George"]
[Black "Broachi, Zain"]
[Result "1-0"]
[WhiteElo "1075"]
[BlackElo "820"]
[PlyCount "25"]
[EventDate "2020.09.17"]
[WhiteTeam "KEGS Chelmsford"]
[BlackTeam "JHJ 7"]

1. e4 e5 2. Nf3 Nc6 3. Bc4 Nf6 4. Ng5 Bc5 5. O-O O-O 6. Nc3 d5 7. exd5 Nd4 8.
Nf3 Ng4 9. Nxd4 Bxd4 10. h3 Qg5 11. d3 Nf6 12. Bxg5 Bxc3 13. bxc3 1-0

[Event "Junior Online 4NCL Division 4"]
[Site "online"]
[Date "2020.09.17"]
[Round "3.65"]
[White "Smith, Ryan S"]
[Black "Chen, George"]
[Result "1-0"]
[WhiteElo "1765"]
[BlackElo "1157"]
[PlyCount "101"]
[EventDate "2020.09.17"]
[WhiteTeam "KEGS Chelmsford"]
[BlackTeam "JHJ 7"]

1. Nf3 d5 2. e3 e5 3. Nxe5 Nf6 4. d4 Bd6 5. Nf3 Bg4 6. c4 Nc6 7. cxd5 Nxd5 8.
Nc3 Bb4 9. Bd2 Bxc3 10. bxc3 O-O 11. Bd3 Re8 12. O-O a6 13. h3 Bh5 14. Rb1 b5
15. Re1 Nf6 16. e4 Bg6 17. Bg5 h6 18. Bh4 Bh5 19. e5 g5 20. Bg3 Nd5 21. Qc2 b4
22. cxb4 Ncxb4 23. Bh7+ Kh8 24. Qf5 Bxf3 25. gxf3 Rf8 26. e6 Nc6 27. exf7 Nde7
28. Be5+ Nxe5 29. Qxe5+ Kxh7 30. Qxe7 Qxd4 31. Qxc7 Rac8 32. Qb7 Qh4 33. Re8
Qh5 34. Rxc8 Rxf7 35. Rc7 Kg7 36. Rxf7+ Qxf7 37. Qxf7+ Kxf7 38. Rb6 a5 39. Ra6
Ke7 40. Rxa5 Kf6 41. Rb5 Kg6 42. a4 Kf6 43. a5 Ke6 44. a6 Kd6 45. a7 Kc6 46.
Rb1 Kc5 47. a8=Q Kd4 48. Qe4+ Kc5 49. Rc1+ Kb5 50. Qb7+ Ka5 51. Ra1# 1-0

[Event "Junior Online 4NCL Division 4"]
[Site "online"]
[Date "2020.09.17"]
[Round "3.66"]
[White "Wang, Luoke"]
[Black "Caves, Fraser"]
[Result "1-0"]
[WhiteElo "1075"]
[BlackElo "1427"]
[PlyCount "83"]
[EventDate "2020.09.17"]
[WhiteTeam "JHJ 7"]
[BlackTeam "KEGS Chelmsford"]

1. d4 e5 2. dxe5 Nc6 3. Nf3 Qe7 4. Nc3 Nxe5 5. Bf4 Nc6 6. e4 Nf6 7. e5 Nh5 8.
Bg3 Nxg3 9. hxg3 d6 10. Bb5 Bd7 11. Nd5 Qd8 12. O-O Be6 13. Re1 a6 14. Bc4 Be7
15. Nxe7 Qxe7 16. Bxe6 fxe6 17. exd6 cxd6 18. Qe2 e5 19. Rad1 O-O 20. Qc4+ Kh8
21. Rd2 Rad8 22. Red1 e4 23. Re1 Qf6 24. Qxe4 Qxb2 25. Ng5 g6 26. Qh4 Qg7 27.
Ne6 Qf7 28. Nxd8 Nxd8 29. Qd4+ Kg8 30. f3 Qxa2 31. Qxd6 Qa5 32. Qd5+ Qxd5 33.
Rxd5 Kg7 34. Rd7+ Kh6 35. Kf2 b5 36. Rh1+ Kg5 37. f4+ Kf5 38. Kf3 h5 39. Re1
Nc6 40. Rd6 Rf6 41. Rd5+ Ne5+ 42. Rdxe5# 1-0

[Event "Junior Online 4NCL Division 4"]
[Site "online"]
[Date "2020.09.17"]
[Round "3.67"]
[White "Poon, Evan"]
[Black "Bryant, Amelie"]
[Result "1/2-1/2"]
[WhiteElo "1112"]
[BlackElo "970"]
[PlyCount "74"]
[EventDate "2020.09.17"]
[WhiteTeam "KEGS Chelmsford"]
[BlackTeam "JHJ 7"]

1. e4 e6 2. d4 d5 3. e5 g6 4. Nf3 Bg7 5. Nc3 Ne7 6. Bd3 O-O 7. O-O f6 8. Re1
fxe5 9. Nxe5 Bxe5 10. dxe5 Nbc6 11. Qg4 Nb4 12. a3 Nxd3 13. cxd3 c6 14. Bh6 Rf5
15. Re3 Rf7 16. Rf3 Nf5 17. Bg5 Qb6 18. Na4 Qa5 19. Bf6 Qd2 20. h3 b5 21. Nc5
Qxb2 22. Rf1 Qxa3 23. d4 Qb4 24. Rd3 Bd7 25. Qf4 Be8 26. Nxe6 Bd7 27. Nc5 Raf8
28. g4 Nh4 29. Qg3 Nf5 30. gxf5 Bxf5 31. Rdd1 Bc2 32. Rc1 Bf5 33. Rfd1 a5 34.
Na6 Qa4 35. Nc5 Qb4 36. Na6 Qa4 37. Nc5 Qb4 1/2-1/2

[Event "Junior Online 4NCL Division 4"]
[Site "online"]
[Date "2020.09.17"]
[Round "3.68"]
[White "Broachi, Zain"]
[Black "Thompson, Thomas George"]
[Result "0-1"]
[WhiteElo "820"]
[BlackElo "1075"]
[PlyCount "88"]
[EventDate "2020.09.17"]
[WhiteTeam "JHJ 7"]
[BlackTeam "KEGS Chelmsford"]

1. e4 e5 2. Bc4 Bc5 3. Nf3 Nc6 4. d3 Nf6 5. O-O d6 6. Nc3 Bg4 7. Qd2 Bxf3 8.
Qg5 g6 9. Nd5 Nxd5 10. Qh6 Qe7 11. Bxd5 Bh5 12. Qg7 Qf8 13. Qf6 Rg8 14. Bh6 Qe7
15. Qf3 Bxf3 16. gxf3 Qh4 17. Bg5 Qxg5+ 18. Kh1 Qf4 19. Bxc6+ bxc6 20. d4 Bxd4
21. c3 Qxf3+ 22. Kg1 Bc5 23. Rae1 f5 24. b4 Bb6 25. b5 cxb5 26. c4 bxc4 27. h3
Qxh3 28. Re3 Bxe3 29. fxe3 Qxe3+ 30. Kh1 h5 31. Rg1 Qxe4+ 32. Kh2 g5 33. a4 g4
34. a5 Qe2+ 35. Rg2 Qf3 36. Rg3 Qe4 37. Rg2 h4 38. Rg3 hxg3+ 39. Kxg3 Qf3+ 40.
Kh4 Rh8+ 41. Kg5 Qf4+ 42. Kf6 Qh6+ 43. Kxf5 Qf4+ 44. Ke6 Qf7# 0-1

[Event "Junior Online 4NCL Division 4"]
[Site "online"]
[Date "2020.09.17"]
[Round "3.71"]
[White "Rupf, Oscar"]
[Black "Sundararaju, Ritvik"]
[Result "1-0"]
[WhiteElo "1405"]
[BlackElo "700"]
[PlyCount "85"]
[EventDate "2020.09.17"]
[WhiteTeam "Barnet Knights B"]
[BlackTeam "Uxbridge Juniors D"]

1. e4 e5 2. Nf3 Nc6 3. d4 exd4 4. Nxd4 Nxd4 5. Qxd4 c5 6. Qc4 Nf6 7. Bg5 Bd6 8.
Nc3 Bf4 9. Bxf4 Nh5 10. Be3 d5 11. Qxd5 Qxd5 12. Nxd5 Be6 13. Nc7+ Kd8 14. Nxa8
Bd7 15. O-O-O Ke8 16. Bxc5 Nf4 17. g3 Ne6 18. Bd6 Kd8 19. Bc4 Ng5 20. Nc7 b5
21. Bxb5 Bg4 22. Bf4+ Ke7 23. Rd3 Nxe4 24. f3 Nf6 25. fxg4 Nxg4 26. Rd7+ Kf6
27. Rf1 Nxh2 28. Re1 Nf3 29. Re3 Nd4 30. Be5+ Kf5 31. Bxd4 Rb8 32. Rxf7+ Kg4
33. Be2+ Kg5 34. Ref3 Kg4 35. Rxg7+ Kh3 36. g4+ Kg2 37. g5 Rb4 38. Bc5 Rb5 39.
Nxb5 a6 40. g6 hxg6 41. Rxg6+ Kh2 42. Rf5 axb5 43. Rh5# 1-0

[Event "Junior Online 4NCL Division 4"]
[Site "online"]
[Date "2020.09.17"]
[Round "3.72"]
[White "Machutadze, Nicholas"]
[Black "Bracken, Layla"]
[Result "0-1"]
[WhiteElo "700"]
[BlackElo "1405"]
[PlyCount "70"]
[EventDate "2020.09.17"]
[WhiteTeam "Uxbridge Juniors D"]
[BlackTeam "Barnet Knights B"]

1. d4 g6 2. e3 Bg7 3. Bb5 c6 4. Ba4 d5 5. Nc3 Nf6 6. Nh3 O-O 7. b3 Bf5 8. g3
Nbd7 9. O-O Nb6 10. e4 Bxe4 11. Nxe4 Nxe4 12. Qd3 f5 13. Re1 e6 14. Bg5 Nxg5
15. Nxg5 Qxg5 16. h4 Qe7 17. Rf1 c5 18. c4 dxc4 19. Qc3 Bxd4 20. Qxc4 Nxc4 21.
bxc4 Bxa1 22. Rxa1 Rad8 23. Re1 Rd4 24. Bc2 Rxc4 25. Bd3 Rc3 26. Be2 c4 27. Rd1
Ra3 28. Ra1 c3 29. Bc4 c2 30. Rc1 Rc3 31. Be2 Qa3 32. f4 Qxc1+ 33. Kh2 Qe1 34.
Bb5 c1=Q 35. Kh3 Qh1# 0-1

[Event "Junior Online 4NCL Division 4"]
[Site "online"]
[Date "2020.09.17"]
[Round "3.73"]
[White "Bruhn, Johann"]
[Black "Huckridge, Jake"]
[Result "1-0"]
[WhiteElo "1367"]
[BlackElo "700"]
[PlyCount "65"]
[EventDate "2020.09.17"]
[WhiteTeam "Barnet Knights B"]
[BlackTeam "Uxbridge Juniors D"]

1. d4 d5 2. c4 Nf6 3. Nc3 c5 4. Nf3 cxd4 5. Qxd4 Nc6 6. Qd1 dxc4 7. Qxd8+ Nxd8
8. e3 Nc6 9. Bxc4 e5 10. Bb5 Bb4 11. Nxe5 Bxc3+ 12. bxc3 O-O 13. Nxc6 bxc6 14.
Bxc6 Rb8 15. Ba3 Rd8 16. O-O Rd6 17. Bxd6 Bd7 18. Bxd7 Rd8 19. Be7 Rxd7 20.
Bxf6 gxf6 21. Rad1 Re7 22. Rd8+ Kg7 23. Rfd1 Kh6 24. R8d7 Rxd7 25. Rxd7 Kg7 26.
Rxa7 f5 27. Rb7 Kh6 28. a4 f4 29. exf4 Kg7 30. a5 Kf8 31. a6 Ke8 32. a7 Kd8 33.
a8=Q# 1-0

[Event "Junior Online 4NCL Division 4"]
[Site "online"]
[Date "2020.09.17"]
[Round "3.75"]
[White "Sundararaju, Ritvik"]
[Black "Rupf, Oscar"]
[Result "0-1"]
[WhiteElo "700"]
[BlackElo "1405"]
[PlyCount "44"]
[EventDate "2020.09.17"]
[WhiteTeam "Uxbridge Juniors D"]
[BlackTeam "Barnet Knights B"]

1. e4 e6 2. Bc4 d5 3. Bd3 c5 4. exd5 exd5 5. c3 c4 6. Bf1 Nf6 7. Nh3 Bxh3 8.
gxh3 Nc6 9. Na3 Bd6 10. Nb5 a6 11. Nxd6+ Qxd6 12. Be2 O-O 13. Rg1 Qxh2 14. Rg2
Qxg2 15. h4 Qg1+ 16. Bf1 Rfe8+ 17. Qe2 Rxe2+ 18. Kxe2 Re8+ 19. Kd1 Qxf1+ 20.
Kc2 Qd3+ 21. Kd1 Ne4 22. f3 Nf2# 0-1

[Event "Junior Online 4NCL Division 4"]
[Site "online"]
[Date "2020.09.17"]
[Round "3.76"]
[White "Bracken, Layla"]
[Black "Machutadze, Nicholas"]
[Result "1-0"]
[WhiteElo "1405"]
[BlackElo "700"]
[PlyCount "51"]
[EventDate "2020.09.17"]
[WhiteTeam "Barnet Knights B"]
[BlackTeam "Uxbridge Juniors D"]

1. e4 e5 2. Nf3 Nc6 3. Nc3 d6 4. Bb5 Qd7 5. d4 a6 6. Ba4 Qe6 7. d5 Qd7 8. dxc6
bxc6 9. O-O Qe6 10. Bxc6+ Kd8 11. Bxa8 Qc4 12. Bd5 Qc5 13. Bxf7 Ne7 14. Be3 Qa5
15. Nd5 Nxd5 16. Bxd5 Qc5 17. Bxc5 c6 18. Bxc6 Kc7 19. Bxd6+ Kxc6 20. Qd5+ Kd7
21. Bxf8+ Ke8 22. Bb4 a5 23. Bxa5 Ke7 24. Rfd1 Rd8 25. Qxd8+ Ke6 26. Ng5# 1-0

[Event "Junior Online 4NCL Division 4"]
[Site "online"]
[Date "2020.09.17"]
[Round "3.77"]
[White "Huckridge, Jake"]
[Black "Bruhn, Johann"]
[Result "0-1"]
[WhiteElo "700"]
[BlackElo "1367"]
[PlyCount "100"]
[EventDate "2020.09.17"]
[WhiteTeam "Uxbridge Juniors D"]
[BlackTeam "Barnet Knights B"]

1. e4 d5 2. exd5 Qxd5 3. Nc3 Qa5 4. d4 Bf5 5. Nf3 Nf6 6. Bd3 Bxd3 7. Qxd3 e6 8.
Bg5 Nbd7 9. Bxf6 Nxf6 10. O-O c6 11. Rfe1 Bd6 12. Ne5 O-O 13. Qe3 c5 14. a3
cxd4 15. Qxd4 Bxe5 16. Qxe5 Qxe5 17. Rxe5 h6 18. Rae1 Rfe8 19. Ne4 Nxe4 20.
R1xe4 Rad8 21. g3 Rd1+ 22. Re1 Rxe1+ 23. Rxe1 Rc8 24. c3 Rc6 25. Re3 Rb6 26. b4
Rd6 27. Kg2 b5 28. Kh3 Ra6 29. f4 Rxa3 30. g4 a5 31. bxa5 Rxa5 32. f5 exf5 33.
gxf5 Ra3 34. Kg4 b4 35. cxb4 Rxe3 36. b5 Rb3 37. h3 Rxb5 38. h4 g6 39. h5 gxf5+
40. Kf4 Kg7 41. Kf3 f4 42. Kxf4 Rxh5 43. Kg4 Rh1 44. Kf5 h5 45. Kf4 h4 46. Kf3
Rg1 47. Kf2 Rg6 48. Kf1 h3 49. Ke2 h2 50. Ke3 h1=Q 0-1

[Event "Junior Online 4NCL Division 4"]
[Site "online"]
[Date "2020.09.17"]
[Round "3.78"]
[White "Zhou, Sansan"]
[Black "Huckridge, Erik"]
[Result "1-0"]
[WhiteElo "1337"]
[BlackElo "700"]
[PlyCount "43"]
[EventDate "2020.09.17"]
[WhiteTeam "Barnet Knights B"]
[BlackTeam "Uxbridge Juniors D"]

1. e4 e5 2. Nf3 Nf6 3. Nxe5 Nxe4 4. Qe2 d6 5. Nd3 d5 6. f3 Qf6 7. fxe4 dxe4 8.
Qxe4+ Be6 9. Qxb7 Qh4+ 10. g3 Qe4+ 11. Qxe4 c6 12. Bh3 f5 13. Bxf5 Ke7 14.
Qxe6+ Kd8 15. Ne5 Kc7 16. Qc8+ Kd6 17. Nc4+ Kd5 18. Qe6+ Kd4 19. c3+ Kc5 20.
b4+ Kb5 21. a4+ Ka6 22. Qc8# 1-0